000
00165 a2200085 4500
041
_a
spa
100
_a
Kraus, Robert
245
_a
De quien eres ratoncito?
942
_c
BK
999
_c
14044
_d
14044